000 00210nam a2200097Ia 4500
008 190216s9999||||xx |||||||||||||| ||und||
100 _aHovard Fast
245 0 _aCitizen Tom Veyin
260 _bNull
942 _cBK
999 _c11593
_d11593